Studien zur Chronologie der nubischen C-Gruppe /

محفوظ في:

المؤلف الرئيسي: Bietak, Manfred (مؤلف)

التنسيق: كتاب

اللغة: German

منشور في: Wien : Böhlau in Kommission, 1968.

سلاسل: Berichte des Österreichischen Nationalkomitees der UNESCO-Aktion für die Rettung der Nubischen Altertümer ; 5.
BONU ; 5.
Denkschriften (Österreichische Akademie der Wissenschaften. Philosophisch-Historische Klasse) ; 97.
DOAW ; 97.

الموضوعات:

الوسوم: إضافة وسم

لا توجد وسوم, كن أول من يضع وسما على هذه التسجيلة!

رقم الطلب: DT135 .N8 B6 v.5

LEADER 00979namaa2200277 4500
001 14143
003 OSt
005 20250731082334.0
008 130303q1968 au a 000 0 ger d
010 |a  72382316 
040 |c ARCE Library 
043 |a f-ua--- 
050 4 |a DT135 .N8 B6 v.5 
100 1 |a Bietak, Manfred,  |e author  |9 26783 
245 1 0 |a Studien zur Chronologie der nubischen C-Gruppe /  |c Manfred Bietak. 
264 1 |a Wien :   |b Böhlau in Kommission,   |c 1968. 
300 |a 188 pages, 19 pages of illustrations ;   |c 30 cm. 
490 0 |a Berichte des Österreichischen Nationalkomitees der UNESCO-Aktion für die Rettung der Nubischen Altertümer ;   |v 5. 
490 0 |a BONU ;   |v 5. 
490 0 |a Denkschriften (Österreichische Akademie der Wissenschaften. Philosophisch-Historische Klasse) ;   |v 97. 
490 0 |a DOAW ;   |v 97. 
650 0 |a Tombs  |z Egypt  |z Sayyālah. 
651 0 |a Sayyālah (Egypt)  |x Antiquities. 
901 |a reviewed 
942 |c BK  |2 lcc 
999 |c 13414  |d 13414